000 00418nam a2200145Ia 4500
008 100204s9999 xx 000 0 und d
082 _b3938
100 _aलागू चिंतामणी
245 _aव्हीनस
260 _b"दिलिप प्रकाशन , मुंबई"
_c1981
300 _a178
630 _aव्हीनस
730 _aव्हीनस
942 _cBOOK
999 _c448801
_d448798